000 00534nam a2200217Ia 4500
999 _c298
_d298
003 0100
008 130227s9999 xx 000 0 und d
020 _a9780521114745
040 _cARRUPELIB
050 _aB825.R6 1982
100 _aRobinson, Howard
_934084
245 _aMatter and sense
245 _bA critique of contemporary materialism
260 _bCambridge University Press
_aCambridge
_c1982
300 _aix
300 _b 130p 22cm
440 _aCambridge studies in philosophy
_912860
650 _aMaterialism
_920157
942 _2lcc
_cMONOGRAPH